Регионална библиотека "Любен Каравелов" - Русе

Успешният бранд (Запис номер 325552)

MARC детайли
000 -Лидер
Контролно поле с фиксирана дължина 01121nam a2200277 a 4500
003 - Код на организацията, давaща контролен номер
Контролно поле BLK
005 - Дата и час на последна редакция
Контролно поле 20241211143716.0
008 - Елементи от данни с фиксирана дължина
fixed length control field 181018b bu ||||| |||| 001 0 bu d
020 ## - Международен стандартен номер на книга ISBN
Международен стандартен номер на книга ISBN 978-619-01-0065-2
040 ## - Източник на каталожния запис
Идентификатор на билиотеката - собственик на записа BLK
041 ## - Код за език
Код за езика на текст/звукозапис или на отделно заглавие Български
Код за езика КДБФ Български
080 ## - УДК
Текстов определител УДК Реклама
УДК код - определител по УДК 659.1
УДК - код + определител 659.1
100 ## - Редна дума - Автор
R(LIN) 390271
Автор Холис, Найджъл
Авторска отговорност първи автор
139 ## - Редно поле
Редна дума Холис, Найджъл
245 ## - Сведения за заглавието
Заглавие Успешният бранд
Подзаглавни данни Защо силните брандове печелят повече
Редно поле (дума) Найджъл Холис ; прев. от англ. Камен Костов, Боян Костов
260 ## - Област на издателските данни
9 (RLIN) 210881
Място на издаване, разпространение и проч. София
Име на издателя, разпространителя и проч. Изток-Запад
Година на издаване 2017
300 ## - Физическа характеристика
Страници 312 с.
Размери/Мащаб 22 см
380 ## - Жанр
Жанр Техника
500 ## - Общи забележки
Забележка Ориг. загл.: Brand premium / Nigel Hollis. - Азб. показалец
650 #0 - Допълнително описание по предмет – тема
9 (RLIN) 272279
Основно описание – тема или топоним Търговски марки
700 ## - Други автори (авторска отговорност)
9 (RLIN) 274211
Лично име Костов, Камен Сотиров
Автороска отговорност (Описва отношението между автора и произведението) прев. от англ.
700 ## - Други автори (авторска отговорност)
Лично име Костов, Боян Каменов
9 (RLIN) 341910
765 ## - Описание на заглавието на оригиналният език
Редна дума на основното описание Brand premium
852 ## - Местоположение
Форматна сигнатура Цб 290909
Фондова буква Хранилище
999 ## - СИСТЕМНИ КОНТРОЛНИ НОМЕРА
Koha biblionumber 325552
Koha biblioitemnumber 325552
942 ## - АРТИКУЛИ
Вид на библиотечния материал Книги
Скрит в OPAC Не
Koha issues (borrowed), all copies 1
944 ## - СЪЗДАВАНЕ И РЕДАКЦИЯ на ЗАПИСА
Служител, извършил регистрацията/редакцията 30546
Статус, дата на статуса Ренета Константинова
Наличности
Код за отписване Код за изгубен артикул Източник на класификационната схема Код за повреда Коз за рестрикции Код за отдаване Артикулен № Име на библиотеката - собственик Име на библиотеката, в която се намира в момента Статус (Текущо местоположение) Дата на вписване в системата Местоположение - отдел Цена в лева Инвентарен номер Систематично азбучна сигнатура Баркод Цена в евро Служебен тип на артикула
  Не е изгубен Universal Decimal Classification Не е повреден без рестрикции ползва се в читалня 681540 Регионална библиотека "Любен Каравелов" Русе Регионална библиотека "Любен Каравелов" Русе Хранилище 2018-10-19 Хранилище 22.00 120000824341 Цб 290909 120000824341 11.25 Книги
Vip Innovations Ltd, Rousse, Bulgaria 2025